|
|
|
|
| LEADER |
00000nam2a2200000 4500 |
| 001 |
275535 |
| 005 |
20231101234832.0 |
| 035 |
|
|
|a (RuTPU)RU\TPU\book\298778
|
| 035 |
|
|
|a RU\TPU\book\288801
|
| 090 |
|
|
|a 275535
|
| 100 |
|
|
|a 20141114d1985 k y0rusy50 ca
|
| 101 |
0 |
|
|a rus
|
| 102 |
|
|
|a RU
|
| 105 |
|
|
|a y z 001zy
|
| 200 |
0 |
|
|a Вып. 31: Алгоритмитизация и автоматизация решения задач упругости и пластичности
|
| 210 |
|
|
|d 1985
|
| 215 |
|
|
|a 160 с.
|
| 320 |
|
|
|a Библиогр. в конце статей
|
| 461 |
|
1 |
|0 (RuTPU)RU\TPU\book\121455
|t Прикладные проблемы прочности и пластичности
|o всесоюзный межвузовский сборник
|f Горьковский государственный университет им. Н. И. Лобачевского (ГГУ)
|v Вып. 31: Алгоритмитизация и автоматизация решения задач упругости и пластичности
|d 1975-1999
|
| 606 |
1 |
|
|a Механика деформируемых тел
|x (сопротивление материалов)
|2 stltpush
|3 (RuTPU)RU\TPU\subj\43566
|9 63053
|
| 610 |
1 |
|
|a проектирование
|
| 610 |
1 |
|
|a оптимальное проектирование
|
| 610 |
1 |
|
|a прочность
|
| 610 |
1 |
|
|a пластичность
|
| 610 |
1 |
|
|a несущие конструкции
|
| 610 |
1 |
|
|a методология проектирования
|
| 610 |
1 |
|
|a сложные конструкции
|
| 610 |
1 |
|
|a моделирование
|
| 610 |
1 |
|
|a оптимизация
|
| 610 |
1 |
|
|a ЭВМ
|
| 675 |
|
|
|a 539.37
|v 3
|
| 801 |
|
0 |
|a RU
|b 63413507
|c 19950417
|g psbo
|
| 801 |
|
1 |
|a RU
|b 63413507
|c 20140206
|
| 801 |
|
2 |
|a RU
|b 63413507
|c 20170126
|g RCR
|
| 942 |
|
|
|c BK
|